header

Accountability in public expenditures in Latin America and the Caribbean (Record no. 213976)

MARC details
000 -LEADER
fixed length control field 01712nam a2200397 a 4500
082 04 - DEWEY DECIMAL CLASSIFICATION NUMBER
Classification number 336.3/9098
100 1# - MAIN ENTRY--AUTHOR NAME
Personal name Ladipo, Omowunmi.
245 10 - TITLE STATEMENT
Title Accountability in public expenditures in Latin America and the Caribbean
260 ## - PUBLICATION, DISTRIBUTION, ETC. (IMPRINT)
Place of publication Washington, D.C. :
Name of publisher World Bank,
Year of publication c2009.
300 ## - PHYSICAL DESCRIPTION
Number of Pages xix, 105 p.
490 1# - SERIES STATEMENT
Series statement Directions in development. Private sector development
700 1# - ADDED ENTRY--PERSONAL NAME
Personal name Sanchez, Alfonso,
Personal name Sopher, Jamil.
856 40 - ELECTRONIC LOCATION AND ACCESS
Uniform Resource Identifier http://site.ebrary.com/lib/rucke/Doc?id=10369866

No items available.

© 2026 Rongo University
Contact us: librarian | system librarian | Rongo university